000 00316nam a2200133Ia 4500
008 221030s9999 xx 000 0 und d
041 _aEnglish
082 _a105.23
100 _aS. P. Rajagopalan
245 0 _aProgramming in C & PC Application
_cby S. P. Rajagopalan
260 _c0
650 _aB
942 _cBK
999 _c10862
_d10862